MARC

LEADER 00000nam0a2200000 4500
001 349056
005 20231102010151.0
035 |a (RuTPU)RU\TPU\retro\1041 
090 |a 349056 
100 |a 20180410d1975 km y0rusy50 ca 
101 0 |a rus 
102 |a KG 
105 |a a z 001zy 
200 1 |a Агрегаты для бурения шпуров : К созданию универсальных буровых агрегатов с пневмогидравлическим и гидравлическим приводом  |e [сборник статей]  |f Академия наук Киргизской ССР (АН КиргССР), Институт автоматики ; под ред. О. Д. Алимова, А. Басова 
210 |a Фрунзе  |c Илим  |d 1975 
215 |a 241 с.  |c ил. 
320 |a Библиография в конце статей 
606 1 |a Бурение шпуров  |x Механизация  |2 stltpush  |3 (RuTPU)RU\TPU\subj\30408  |9 53520 
610 1 |a буровая техника 
610 1 |a буровые агретаты 
610 1 |a гидравлические виброударные механизмы 
610 1 |a подающие механизмы 
610 1 |a регуляторы 
610 1 |a манипуляторы 
610 1 |a системы электроснабжения 
610 1 |a системы газоочистки 
610 1 |a вибрации 
610 1 |a шум 
610 1 |a надежность 
610 1 |a показатели 
610 1 |a оценка 
610 1 |a сборники 
675 |a 622.235.1  |v 4 
702 1 |a Алимов  |b О. Д.  |4 340 
702 1 |a Басов  |b С. А.  |4 340 
712 0 2 |a Академия наук Киргизской ССР (АН КиргССР)  |b Институт автоматики  |2 stltpush  |3 (RuTPU)RU\TPU\col\10689 
801 1 |a RU  |b 63413507  |c 20180410 
801 2 |a RU  |b 63413507  |c 20191105  |g RCR 
942 |c BK